Trật tự và hỗn độn trong thế giới nguyên tử

Đã lưu trong:
书目详细资料
主要作者: A L Kitaigorodski
格式: 图书
语言:Undetermined
出版: Hà Nội KHKT 1985
主题:
标签: 添加标签
没有标签, 成为第一个标记此记录!
Thư viện lưu trữ: Trung tâm Học liệu Trường Đại học Cần Thơ
LEADER 00525nam a2200181Ia 4500
001 CTU_2774
008 210402s9999 xx 000 0 und d
082 |a 541.24 
082 |b K62 
100 |a A L Kitaigorodski 
245 0 |a Trật tự và hỗn độn trong thế giới nguyên tử 
245 2 |c A L Kitaigorodski, Hữu Ngọc 
260 |a Hà Nội 
260 |b KHKT 
260 |c 1985 
650 |a atoms 
904 |i Minh, 960829 
980 |a Trung tâm Học liệu Trường Đại học Cần Thơ